Orquídeas de la región de Valparaíso
Enregistré dans:
| Auteur principal: | |
|---|---|
| Autres auteurs: | |
| Format: | Livre |
| Langue: | espagnol |
| Publié: |
Viña del Mar
Colegio Sagrada Familia
2009
|
| Sujets: | |
| Tags: |
Ajouter un tag
Pas de tags, Soyez le premier à ajouter un tag!
|
MARC
| LEADER | 00000cam a2200000 a 4500 | ||
|---|---|---|---|
| 001 | UCH4835 | ||
| 003 | CL-VaPUC | ||
| 005 | 20220907121239.0 | ||
| 008 | 090910e20090000CL |||||||||||||||||spa|d | ||
| 999 | |c 336090 |d 336088 | ||
| 020 | |a 9789568201074 | ||
| 040 | |c Pontificia Universidad Católica de Valparaíso | ||
| 082 | 0 | 4 | |a 584.4 ELO 2009 |2 21 |
| 100 | |a Elórtegui Francioli, Sergio |9 493566 | ||
| 245 | 1 | 0 | |a Orquídeas de la región de Valparaíso |
| 260 | |a Viña del Mar |b Colegio Sagrada Familia |c 2009 | ||
| 300 | |a 83 páginas | ||
| 583 | |a last modification |c 20130528 10:25:17 |k Rodrigo Vera | ||
| 650 | 7 | |a ORQUIDEAS |2 CL-VaPUC |9 503481 | |
| 650 | 0 | |a Fertilización |9 259681 | |
| 650 | 0 | |a Plantas ornamentales |9 345450 | |
| 700 | |a Novoa Quezada, Patricio |e autor |9 590426 | ||
| 942 | |c BK |2 ddc | ||
| 945 | |d 20090910 00:00:00 |a rbrito | ||
| 952 | |0 0 |1 0 |2 ddc |4 0 |6 584_400000000000000_ELO_2009 |7 0 |8 A |9 427000 |a BIBCUR |b BIBCUR |d 2019-11-22 |i 4599454 |l 2 |o 584.4 ELO 2009 |p 4599454 |r 2025-04-22 |s 2023-09-08 |t 1 |w 2019-11-22 |y BK |k BIO | ||
| 952 | |0 0 |1 0 |2 ddc |4 0 |6 584_400000000000000_ELO_2009 |7 0 |8 A |9 427001 |a BIBAGR |b BIBAGR |d 2019-11-22 |i 4599462 |l 4 |m 2 |o 584.4 ELO 2009 |p 4599462 |r 2025-01-20 |s 2023-09-15 |t 2 |w 2019-11-22 |y BK |k AGR | ||
| 952 | |0 0 |1 0 |2 ddc |4 0 |6 584_400000000000000_ELO_2009 |7 0 |8 A |9 427002 |a BIBCUR |b BIBCUR |d 2019-11-22 |i 4628748 |l 4 |m 2 |o 584.4 ELO 2009 |p 4628748 |r 2025-04-22 |s 2023-10-10 |t 3 |w 2019-11-22 |y BK |k BIO | ||
| 952 | |0 0 |1 0 |2 ddc |4 0 |6 584_400000000000000_ELO_2009 |7 0 |8 A |9 427003 |a BIBAGR |b BIBAGR |d 2019-11-22 |i 4971906 |l 4 |o 584.4 ELO 2009 |p 4971906 |r 2025-03-20 |s 2025-03-20 |t 5 |w 2019-11-22 |y BK |k AGR | ||
| 952 | |0 0 |1 0 |2 ddc |4 0 |6 584_400000000000000_ELO_2009 |7 0 |8 A |9 427004 |a BIBING |b BIBING |d 2019-11-22 |i 4971914 |l 2 |o 584.4 ELO 2009 |p 4971914 |r 2025-01-20 |s 2023-09-25 |t 4 |w 2019-11-22 |y BK |k GEO | ||